00624cam a22002291 4500001001300000003000400013005001700017008004100034010001700075025001800092035002000110040002100130042001200151050001600163100004700179245007100226260001100297300001900308500001600327504003100343650002000374sa 64000495 DLC20260227111956.0940602s1957 ii b 000 0 beno  asa 64000495  aPL480:EP-B-77 a(OCoLC)30538482 aDLCcCUdCUdDLC apremarc00aBP52b.R6121 aRoy, M. N.q(Manabendra Nath),d1887-1954.10aIsalāmera aitihāsika abadāna.bThe historical role of Islam. c[1957] a125 p.c19 cm. aIn Bengali. aBibliographical footnotes. 0aIslamxHistory.